Compras: principios y aplicaciones (Registro nro. 10426)

Detalles MARC
000 -Cabecera
Campo de control de longitud fija 01233nam a22004097a 4500
005 - Fecha y hora de la última transacción
Campo de control 20260115142455.0
008 - Elementos de longitud fija--Información general
Campo de control de longitud fija 180312b2005 xxu||||| |||| 00| 0 spa d
020 ## - International Standard Book Number
Número Internacional Estándar del Libro (ISBN) 9681863135
041 ## - Idioma
Código de idioma Español
082 ## - Clasificación Decimal Dewey
Número de clasificación 658.8 M553c4
100 ## - Entrada principal--Autor personal
Nombre personal Mercado, Salvador
9 (RLIN) 26077
245 ## - Título propiamente dicho
Título Compras: principios y aplicaciones
250 ## - Edición
Mención de edición 4 edición
260 ## - Pie de imprenta
Lugar de publicación, distribución, etc. México
260 ## - Pie de imprenta
Nombre del editor, distribuidor, etc. Limusa
260 ## - Pie de imprenta
Fecha de publicación, distribución, etc. 2005
300 ## - Descripción física
Extensión 218 páginas
490 ## - Serie
Título de la Serie Dirección y Administración de Empresas
650 ## - Materia general
Temática (materia general) GERENCIA DE MERCADEO
650 ## - Materia general
Temática (materia general) COMPRAS
650 ## - Materia general
Temática (materia general) PLANEACIÓN DE LAS COMPRAS
650 ## - Materia general
Temática (materia general) DEPARTAMENTO DE COMPRAS
650 ## - Materia general
Temática (materia general) PROCEDIMIENTO DE COMPRAS DE IMPORTACIÓN
650 ## - Materia general
Temática (materia general) PLANEACIÓN DE LAS COMPRAS
650 ## - Materia general
Temática (materia general) PRESUPUESTO DE COMPRAS
650 ## - Materia general
Temática (materia general) FINANCIAMIENTO DE COMPRAS
650 ## - Materia general
Temática (materia general) ESTRUCTURA DEL ÁREA DE COMPRAS
650 ## - Materia general
Temática (materia general) CONTROL DE COMPRAS
650 ## - Materia general
Temática (materia general) RECURSOS HUMANOS DEL DEPARTAMENTO DE COMPRAS
650 ## - Materia general
Temática (materia general) EVALUACIÓN DEL DESEMPEÑO
650 ## - Materia general
Temática (materia general) MANUAL DE COMPRAS
650 ## - Materia general
Temática (materia general) COMPRAS DEL SECTOR PÚBLICO
650 ## - Materia general
Temática (materia general) ESTRATEGIAS DE COMPRAS
650 ## - Materia general
Temática (materia general) RECLUTAMIENTO DE PROVEEDORES
650 ## - Materia general
Temática (materia general) COMPRAS DEL SECTOR PÚBLICO
942 ## - Punto de acceso adicional KOHA
Tipo de ítem KOHA Libro
Fuente del sistema de clasificación o colocación Dewey Decimal Classification
Existencias
Signatura completa Código de barras Programa Académico Tipo de ítem
658.8 M553c4 846 Dirección y Administración de Empresas Libro